000 00485cam a2200169 a 4500
020 _a186448991X
040 _cDLC
082 0 0 _a940 ALL 1999 A103 Or.
100 1 _aDornan, Peter,
245 1 4 _aThe silent men :
_bSyria to Kokoda and on to Gona /
260 _aSt. Leonards, NSW, Australia :
_bAllen & Unwin,
_c1999.
300 _axxix, 202 p. :
_bmaps ;
_c23 cm.
650 0 _aWorld War, 1939-1945
650 0 _aWorld War, 1939-1945
650 0 _aWorld War, 1939-1945
942 _cEK
999 _c14256
_d14256